The hallelujah revolution : the rise of the new christians

Αποθηκεύτηκε σε:
Λεπτομέρειες βιβλιογραφικής εγγραφής
Κύριος συγγραφέας: Cotton, Ian
Μορφή: Βιβλίο
Γλώσσα:English
Δημοσίευση: London : Warner Books, c1996
Θέματα:
Ετικέτες: Προσθήκη ετικέτας
Δεν υπάρχουν, Καταχωρήστε ετικέτα πρώτοι!

MARC

LEADER 00000nam a2200000 i 4500
001 1/70663
008 990226s1995 eng d
020 |a 0-7515-1555-8 
035 |l 10048158 
040 |a GR-MY-UA  |b gre  |e aacr 
041 0 |a eng 
082 0 |a 269.2 
100 1 |a Cotton, Ian. 
245 1 4 |a The hallelujah revolution :  |b the rise of the new christians /  |c Ian Cotton 
260 |a London :   |b Warner Books,   |c c1996 
300 |a 274 p. 
500 |a Contains enough fascinating material for an encyclopedia of speculation Indipendent 
504 |a Includes index 
650 0 0 |a Pentecostalism  |z Great Britain. 
650 0 0 |a Evangelicalism  |z Great Britain. 
650 0 0 |a Christianity  |x Forecasting. 
650 0 0 |a Psychology, Religious. 
651 0 |a Great Britain  |x Church history  |y 20th century. 
852 |a INST  |b LESVOS  |e 19990226  |h 269.2 COT  |p 005100016817  |q 005100016817  |t BK  |y 0 
901 |a BIBL-1999-1 
909 |a Λ  |b 061312 
922 |a 1ΕΛΗ  |b 199811  |c ΚΠΣ/ΤΚ  |d ΠΑΠΑΣΩΤΗΡΙΟΥ 
950 |a 103-1998-07-27